[Event "JOR-ch sf"]
[Site "Amman"]
[Date "2009.03.26"]
[Round "1"]
[White "Alsane, Abdallah"]
[Black "Jafar, Abdul Khaliq"]
[Result "1-0"]
[WhiteElo "2028"]
[BlackElo "1718"]
[PlyCount "79"]
[EventDate "2009.03.26"]
[EventType "swiss"]
[EventRounds "9"]
[EventCountry "JOR"]
[SourceTitle "EXT 2022"]
[Source "ChessBase"]
[SourceDate "2021.10.06"]
[SourceVersion "1"]
[SourceVersionDate "2021.10.06"]
[SourceQuality "1"]

1. c4 f5 2. d4 e6 3. Nf3 Nf6 4. g3 b6 5. Bg2 Bb7 6. 0-0 Be7 7. Nc3 0-0 8. Bf4 d6 9. Qc2 h6 10. Rac1 Nbd7 11. Rfd1 Qe8 12. Nb5 Bd8 13. b4 a6 14. Na3 Be7 15. b5 a5 16. Nb1 g5 17. Bd2 Ne4 18. Nc3 Ndf6 19. a4 Qg6 20. Ne1 Qh5 21. Nf3 Ng4 22. Be1 Ngf6 23. Rd3 Rf7 24. Nd2 d5 25. Ndxe4 Nxe4 26. cxd5 exd5 27. Nxe4 dxe4 28. Rb3 Bd6 29. f3 exf3 30. exf3 Re8 31. Bd2 g4 32. fxg4 fxg4 33. Bxb7 Re2 34. h4 gxh3 35. Qd1 Rff2 36. Re3 Qg4 37. Be4 h2+ 38. Kh1 h5 39. Bf3 Rxf3 40. Qxe2 1-0